Through the car window : (Record no. 53589)
[ view plain ]
| 000 -LEADER | |
|---|---|
| fixed length control field | 00799nam a2200253 a 4500 |
| 001 - CONTROL NUMBER | |
| control field | 53589 |
| 003 - CONTROL NUMBER IDENTIFIER | |
| rucl marc code | BD-RjUL |
| 005 - DATE AND TIME OF LATEST TRANSACTION | |
| control field | 20211209080004.0 |
| 008 - FIXED-LENGTH DATA ELEMENTS--GENERAL INFORMATION | |
| fixed length control field | 191002s1982 bg 000 0 eng d |
| 020 ## - INTERNATIONAL STANDARD BOOK NUMBER | |
| Terms of availability | : |
| 035 ## - SYSTEM CONTROL NUMBER | |
| System control number | (BD-RjUL)53711 |
| 040 ## - CATALOGING SOURCE | |
| Original cataloging agency | ANL |
| Language of cataloging | eng |
| Transcribing agency | ANL |
| Modifying agency | ABN:1 |
| -- | BD-RjUL |
| 041 ## - LANGUAGE CODE | |
| Language code of text/sound track or separate title | eng |
| 082 14 - DEWEY DECIMAL CLASSIFICATION NUMBER | |
| Classification number | 910.4 |
| Edition number | 23 |
| Author mark and year | SHT 1982 |
| 100 1# - MAIN ENTRY--PERSONAL NAME | |
| Personal name | Shaidai, Shamsul Haque |
| 9 (RLIN) | 233430 |
| 245 10 - TITLE STATEMENT | |
| Title | Through the car window : |
| Remainder of title | a journey by car from London to Calcutta / |
| Statement of responsibility, etc. | Shamsul Haque Shaidai. |
| 260 ## - PUBLICATION, DISTRIBUTION, ETC. (IMPRINT) | |
| Place of publication, distribution, etc. | Dacca : |
| Name of publisher, distributor, etc. | the Author, |
| Date of publication, distribution, etc. | 1982 |
| 300 ## - PHYSICAL DESCRIPTION | |
| Pagination | xvi, 418 p. ; |
| Size | 23 cm. |
| 650 #0 - SUBJECT ADDED ENTRY--TOPICAL TERM | |
| Topical term or geographic name as entry element | Voyages and travels. |
| 9 (RLIN) | 233431 |
| 651 #0 - SUBJECT ADDED ENTRY--GEOGRAPHIC NAME | |
| Geographic name | Europe |
| General subdivision | Description and travel. |
| 9 (RLIN) | 233432 |
| Geographic name | Turkey |
| General subdivision | Description and travel. |
| 9 (RLIN) | 233433 |
| Geographic name | Iran |
| General subdivision | Description and travel. |
| 9 (RLIN) | 233434 |
| 942 ## - ADDED ENTRY ELEMENTS (KOHA) | |
| Source of classification or shelving scheme | Dewey Decimal Classification |
| Koha item type | Books |
| Lost status | Source of classification or shelving scheme | Damaged status | Not for loan | Collection code | Permanent Location | Current Location | Shelving location | Date acquired | Source of acquisition | Cost, normal purchase price | Total Checkouts | Full call number | Date last seen | Copy number | Koha item type |
|---|---|---|---|---|---|---|---|---|---|---|---|---|---|---|---|
| Dewey Decimal Classification | Not For Loan | Non-fiction | Central Library, University of Rajshahi | Central Library, University of Rajshahi | Reading Room | 31/05/1983 | The Author | 65.00 | 910.4 SHT 1982 | 02/10/2019 | C-1 | Books | |||
| Dewey Decimal Classification | Non-fiction | Central Library, University of Rajshahi | Central Library, University of Rajshahi | 31/05/1983 | The Author | 65.00 | 910.4 SHT 1982 | 02/10/2019 | C-2 | Books | |||||
| Dewey Decimal Classification | Non-fiction | Central Library, University of Rajshahi | Central Library, University of Rajshahi | 31/05/1983 | The Author | 65.00 | 910.4 SHT 1982 | 09/10/2019 | C-3 | Books | |||||
| Dewey Decimal Classification | Non-fiction | Central Library, University of Rajshahi | Central Library, University of Rajshahi | 31/05/1983 | The Author | 65.00 | 910.4 SHT 1982 | 09/10/2019 | C-4 | Books | |||||
| Dewey Decimal Classification | Non-fiction | Central Library, University of Rajshahi | Central Library, University of Rajshahi | 31/05/1983 | The Author | 65.00 | 910.4 SHT 1982 | 09/10/2019 | C-5 | Books | |||||
| Dewey Decimal Classification | Non-fiction | Central Library, University of Rajshahi | Central Library, University of Rajshahi | 31/05/1983 | The Author | 65.00 | 910.4 SHT 1982 | 09/10/2019 | C-6 | Books | |||||
| Dewey Decimal Classification | Non-fiction | Central Library, University of Rajshahi | Central Library, University of Rajshahi | 31/05/1983 | The Author | 65.00 | 910.4 SHT 1982 | 09/10/2019 | C-7 | Books | |||||
| Dewey Decimal Classification | Non-fiction | Central Library, University of Rajshahi | Central Library, University of Rajshahi | 31/05/1983 | The Author | 65.00 | 910.4 SHT 1982 | 09/10/2019 | C-8 | Books | |||||
| Dewey Decimal Classification | Non-fiction | Central Library, University of Rajshahi | Central Library, University of Rajshahi | 31/05/1983 | The Author | 65.00 | 910.4 SHT 1982 | 09/10/2019 | C-9 | Books | |||||
| Dewey Decimal Classification | Non-fiction | Central Library, University of Rajshahi | Central Library, University of Rajshahi | 31/05/1983 | The Author | 65.00 | 910.4 SHT 1982 | 09/10/2019 | C-10 | Books |